Ďáblické ulice - Statistics

General Stats
  • This quiz has been taken 8 times
  • The average score is 31 of 66
Answer Stats
Answer % Correct
Červencová
83%
Červnová
83%
Ďáblická
83%
Květnová
83%
Prosincová
83%
Šenovská
83%
Brigádnická
67%
Hřenská
67%
Kokořínská
67%
Koníčkovo náměstí
67%
Liběchovská
67%
Markvartická
67%
Myslivecká
67%
Na Štamberku
67%
Na Znělci
67%
Říjnová
67%
Sousedská
67%
Srpnová
67%
Statková
67%
U Parkánu
67%
U Spojů
67%
Záříjová
67%
Buližníková
50%
Čenkovská
50%
Chřibská
50%
Hořínecká
50%
Humenecká
50%
K Letňanům
50%
K lomu
50%
Kostelecká
50%
Legionářů
50%
Na Blatech
50%
Na Terase
50%
Osinalická
50%
Poděbradova
50%
Ptáčnická
50%
Sadařská
50%
Skalnická
50%
U Červeného mlýnku
50%
U Hájovny
50%
U Prefy
50%
Zákupská
50%
Županovická
50%
Březnová
33%
Ke Kinu
33%
K Ovčínu
33%
Na Kopci
33%
Pod Hvězdárnou
33%
Prácheňská
33%
U Chaloupek
33%
Včelařská
33%
Vojkovická
33%
Za Blaty
33%
Červenomlýnská
17%
Cínovecká
17%
K Náměstí
17%
Konětopská
17%
Kučerové
17%
Nad Akcízem
17%
Pod Prodejnou
17%
Řepná
17%
Byškovická
0%
Dražetická
0%
Lobečská
0%
Mšenská
0%
Na Pramenech
0%
No matching quizzes found
Score Distribution
Percent of People with Each Score
Percentile by Number Answered
Your Score History
You have not taken this quiz